Counter Strike Competitive Ranks - Statistics

General Stats
  • This quiz has been taken 79 times
  • The average score is 10 of 18
Answer Stats
Hint Answer % Correct
Rank 1 Silver I
95%
Rank 2 Silver II
95%
Rank 3 Silver III
94%
Rank 4 Silver IV
94%
Rank 18 Global Elite
76%
Rank 5 Silver Elite
68%
Rank 15 Legendary Eagle
55%
Rank 6 Silver Elite Master
50%
Rank 16 Legendary Eagle Master
47%
Rank 10 Gold Nova Master
45%
Rank 7 Gold Nova I
44%
Rank 8 Gold Nova II
44%
Rank 9 Gold Nova III
44%
Rank 17 Supreme Master First Class
41%
Rank 14 Distinguished Master Guardian
39%
Rank 13 Master Guardian Elite
39%
Rank 11 Master Guardian I
38%
Rank 12 Master Guardian II
36%
No matching quizzes found
Score Distribution
Percent of People with Each Score
Percentile by Number Answered
Your Score History
You have not taken this quiz